| 000 | 01097nam a2200253 i 4500 | ||
|---|---|---|---|
| 001 | 169819 | ||
| 003 | ES-MaACL | ||
| 005 | 20250927110306.0 | ||
| 008 | 081203s1822 fr |||| | fre d | ||
| 080 | _a821.133.1-293 | ||
| 245 | 0 | 0 |
_aSuite du répertoire du théâtre français, avec un choix des pièces de plusieurs autres théâtres. _pGrands opéras. _nI / _carrangées et mises en ordre par M. Lepeintre. |
| 260 |
_aParis : _bMme Veuve Dabo, _c1822 ( _fSenlis) |
||
| 300 |
_a377 p. ; _c14 cm. |
||
| 490 | 1 |
_aSuite du répertoire du théatre français ; _v12 |
|
| 500 | _aÍndice. | ||
| 500 | _aEnc. con: Suite du répertoire du théâtre français ; 11. | ||
| 505 | 8 |
_aContiene: ; _tAlceste, ou Le triomphe d'Alcide ; Thésee ; Atys ; Isis ; Proserpine ; Persée / _rpar Quinault. |
|
| 597 | _a2 tomos en 1 v. | ||
| 700 | 1 |
_aLepeintre-Desroches, Pierre-Marie-Michel, _d1785-1847 _9138972 |
|
| 700 | 1 |
_aQuinault, Philippe. _9138978 |
|
| 830 | 0 |
_aSuite du répertoire du théatre français ; _v12 _9188890 |
|
| 852 | 4 |
_aES-MaACL _jE-12313(2) _9R.190455 |
|
| 999 |
_c169819 _d169819 |
||